000 00682cam a22002053a 4500
001 39463
003 PGUSA
005 20140828083857.0
008 120416s2012||||xxu|||||s|||||000 | eng d
040 _aPGUSA
_beng
042 _adc
100 1 _aHume-Griffith, M. E.
245 1 0 _aBehind the Veil in Persia and Turkish Arabia :
_bAn account of an Englishwoman's Eight Years' Residence amongst the Women of the East
_h[electronic resource] /
_cM. E. Hume-Griffith
260 _bProject Gutenberg,
_c2012
506 _aPublic domain in the USA.
516 _aElectronic text
830 0 _aProject Gutenberg
_v39463
856 4 0 _uhttp://www.gutenberg.org/ebooks/39463
942 _cEB
999 _c268716
_d268716